Musique par lettre - A - Statistiques

Statistiques générales
  • Ce quiz a été pris 283 fois
    280 depuis la dernière actualisation
  • Le résultat moyen est 13 sur 20
Statistiques - réponses
Questions Réponses % Correct
Quel chanteur franco-arménien a chanté "La Bohème" ou encore "Emmenez-moi" ? Charles Aznavour
94%
Quelle chanteuse belge est la soeur de Roméo Elvis ? Angèle
88%
Quelle chanteuse anglaise ne publie que des albums ayant pour titres des nombres tels que 19, 21 ou 30 ? Adèle
86%
Quelle chanson de Johnny Hallyday, écrite par Zazie a été chantée au Stade de France en 1998 ? Allumer le feu
84%
Quelle chanson de Kendji Girac sortie en 2014 évoque une femme du Sud de l'Espagne ? Andalouse
83%
Qu'a crié Christophe en 1965 ? Aline
82%
Quelle chanteuse précoce a chanté "Moi... Lolita", a seulement 16 ans, en 2000 ? Alizée
82%
Quel chanteur français, rendu célèbre par The Voice a chanté "J'ai cherché" ou encore "Longtemps" ? Amir
79%
Quel DJ Suédois, auteur de "Wake me Up", "Hey Brother", s'est donné la mort en 2018, suite à une lourde dépression ? Avicii
77%
Quelle chanson de Stromae évoquant la routine de la vie et est sa première à avoir été diffusée en tant que clip à la télévision ? Alors on danse
76%
Quel tube planétaire de Mariah Carey refait surface chaque année lors de l'époque de Noël ? All I Want For Christmas
74%
Quel instrument de musique a rendu célèbre Yvette Horner et Marcel Azzola ? Accordéon
67%
Qui est le leader du groupe IAM, homographe d'un pharaon égyptien ? Akhenaton
67%
Quel instrument de musique se situe entre les violons et violoncelles, en taille et hauteur ? Alto
67%
Quelle chanson de John Legend sortie en 2013 est considéré comme la chanson d'amour la plus populaire ? All of me
53%
Quelle chanson de Tom Odell évoque une personne détruite émotionnellement par des chagrins passés ? Another Love
45%
Quelle chanson de Vitaa et Slimane est une chanson d'amour où l'artiste déclare sa flamme ? Avant toi
42%
Quel chanteur italo-belge a notamment chanté "Mes mains sur tes hanches" ? Salvatore Adamo
32%
Quel grand succès de Michel Sardou livre néanmoins une vision pessimiste et désabusée du tiers-monde africain ? Afrique Adieu
26%
Quelle chanson de Jean-Jacques Goldman évoque les petits échecs de la vie accumulés au quotidien ? A nos actes manqués
26%
Aucun quiz correspondant
Distribution des résultats
% des personnes avec chaque résultat
Percentile par nombre de réponses
Votre historique - résultats
Vous n’avez pas pris ce quiz depuis la dernière actualisation